Responses for Show #5268 - Wednesday, July 4, 2007

Contestants

[<< previous game]

Edgar B. Herwick III, a public relations coordinator originally from Philadelphia, Pennsylvania

Rachael King, a journalist originally from Providence, Rhode Island

Holly Owens, a physician originally from Tulsa, Oklahoma (whose 1-day cash winnings total $7,501)

[next game >>]

Jeopardy! Round responses

CANADIAN HISTORY
(Alex: Hey! Ya gotta love it... eh?)
TV CHARACTERS
BIBLE BOOK SHORTHAND
GIVE ME A SIGN
YOU WANNA PIZZA THIS?
STARTING "OVER"
    $200 26
(Holly: What is Victoria?)
...
(Alex: The largest island, Holly, is [*], and you'll find Victoria on that island.)

Vancouver Island

Holly
Triple Stumper
    $200 1
Northern Exposure

Holly
    $200 16
Genesis

Edgar
    $200 21
crazy

Holly
    $200 6
October

Rachael
    $200 11
overcast

Holly
    $400 27
(Edgar: What is Edmonton?)

Calgary

HollyEdgar
    $400 2
Greg

Edgar
    $400 17
Jonah

Edgar
    $400 22
(Holly [acting out the gesture]: What is [*]?)
(Alex [completing phrase. Holly does not speak the word.]: Throat. Yes.)

putting your hand across your (throat)

Holly
    $400 7
(Holly: What are sardines?)

anchovies

HollyRachael
    $400 12
an overbite

Edgar
    $600 28
the French and Indian War

Rachael
    $600 3
Sulu

Holly
    $600 18
(Alex: That happened in [*]... Moses.)

Exodus

Triple Stumper
    $600 23
fastball

Holly
    $600 8
(Edgar: What is a stromboli?)

a calzone

RachaelEdgar
    $600 13
over the coals

Edgar
    $800 29
Quebec

Holly
    $800 4
Joy

Rachael
    $800 19
(Edgar: What is Leviticus?)

Daniel

Edgar
Triple Stumper
    $800 24
[Alex mimes looking up at [*] while demonstrating the signal with his right hand.]

a high sign

Triple Stumper
    $800 9
"That's Amore"

Rachael
    $800 14
an overture

Edgar
    $1000 30
Jacques Cartier

Holly
    $1000 5
Charlotte

Edgar
    $2,000 20
(Edgar: What is Matthew?)

Ruth

Edgar
    $1000 25
blinking

Rachael
    $1000 10
the flag

Edgar
    $1000 15
Overlord

Triple Stumper

Scores at the first commercial break (after clue 15):

Holly Rachael Edgar
$600 $2,800 $3,600

Scores at the end of the Jeopardy! Round:

Holly Rachael Edgar
$3,800 $4,400 $1,000

Double Jeopardy! Round responses

PENINSULATION
"IDI" I MEAN
(Alex: "IDI" I MIN... MEAN. It's tough to say when they fool you like that. "IDI" I MEAN.)
COMPLETE THE POETIC RHYME
ABSINTHE
MAKES THE HEART
GO FONDA!
(Alex: You have to name the Fonda that relates to each clue.)
    $400 21
Norway and Sweden

Edgar
    $400 1
[NOTE: Throughout the round, Edgar refers to the category simply as "IDA".]

tidings

Edgar
    $400 6
Callay!

Rachael
    $400 16
sugar

Holly
    $400 26
(Edgar: What are the veins?)

the lungs

HollyEdgar
    $400 11
Jane Fonda

Holly
    $800 22
the Baja Peninsula

Holly
    $800 2
the idiot box

Rachael
    $800 7
tears

Edgar
    $800 17
Picasso

Rachael
    $800 27
an atrium

Holly
    $800 12
(Holly: Who is Bridget Fonda?)

Peter Fonda

Holly
Triple Stumper
    $1200 23
the Crimean Peninsula

Rachael
    $1200 3
a midi file

Edgar
    $700 8
rise

Edgar
    $1200 18
wormwood

Holly
    $1200 28
systole

Holly
    $1200 13
Jane and Henry

Holly
    $1600 24
the Yucatan

Holly
    $1600 4
ridicule

Triple Stumper
    $1600 9
daffodils

Triple Stumper
    $1600 19
(Edgar: Who is...)

(Henri de) Toulouse-Lautrec

RachaelEdgar
    $2,000 29
(Alex: In case you're weak in math, I can tell you that if you made this a True Daily Double and responded correctly you would put the game totally out of reach for Rachael and Edgar.)
(Holly: Yeah, that's not gonna happen.)
[Audience laughter]
(Alex: You know what? I got that response from so many... well, forget about that.)
[More laughter]

a bicuspid

Holly
    $1600 14
Henry Fonda

Holly
    $2000 25
(Edgar: What is the Iberian Peninsula?)
...
(Alex: You're in the wrong part of Europe. [*].)

the Peloponnese (or the Peloponnesian Peninsula)

Edgar
Triple Stumper
    $2000 5
idiom

Rachael
    $2000 10
embrace

Triple Stumper
    $2000 20
Czechoslovakia

Triple Stumper
    $2000 30
(Holly: What is 50?)

60

Holly
Triple Stumper
    $2000 15
(Alex: Now is the time for that young lady.)

Bridget Fonda

Holly

Scores at the end of the Double Jeopardy! Round:

Holly Rachael Edgar
$14,600 $11,200 $500

[wagering suggestions for these scores]

Final Jeopardy! Round responses

WORD ORIGINS
(Alex: [To Rachael] Same root as "peon" and "pawn": peonier.]
EdgarWhat is a word that I wish I knew
$497
RachaelWhat is pioneer
$7,000
HollyWhat are pioneers?
$9,801
pioneers

Final scores:

Holly Rachael Edgar
$24,401 $18,200 $3
2-day champion: $31,902 2nd place: $2,000 3rd place: $1,000

Game dynamics:

Coryat scores:

Holly Rachael Edgar
$14,200 $11,200 $3,000
21 R
(including 1 DD),
4 W
13 R,
0 W
13 R
(including 1 DD),
7 W
(including 1 DD)

Combined Coryat: $28,400

[game clues] [game scores] [suggest correction]

Game tape date: 2007-04-12
The J! Archive is created by fans, for fans. Scraping, republication, monetization, and malicious use prohibited; this site may use cookies and collect identifying information. See terms. The Jeopardy! game show and all elements thereof, including but not limited to copyright and trademark thereto, are the property of Jeopardy Productions, Inc. and are protected under law. This website is not affiliated with, sponsored by, or operated by Jeopardy Productions, Inc. Join the discussion at JBoard.tv.